Detalles MARC
| 000 -LEADER |
| fixed length control field |
02165nam a2200469Ii 4500 |
| 001 - CONTROL NUMBER |
| control field |
DIGSCR0150 |
| 003 - CONTROL NUMBER IDENTIFIER |
| control field |
NyNyDIG |
| 008 - FIXED-LENGTH DATA ELEMENTS--GENERAL INFORMATION |
| fixed length control field |
181109s2014 mdu ob 000 0 spa d |
| 006 - FIXED-LENGTH DATA ELEMENTS--ADDITIONAL MATERIAL CHARACTERISTICS |
| fixed length control field |
m o d |
| 007 - PHYSICAL DESCRIPTION FIXED FIELD--GENERAL INFORMATION |
| fixed length control field |
cr ||||||||||| |
| 035 ## - SYSTEM CONTROL NUMBER |
| System control number |
(OCoLC)1065049953 |
| 040 ## - CATALOGING SOURCE |
| Original cataloging agency |
DGITA |
| Language of cataloging |
eng |
| Description conventions |
rda |
| -- |
pn |
| Transcribing agency |
DGITA |
| 020 ## - INTERNATIONAL STANDARD BOOK NUMBER |
| Canceled/invalid ISBN |
9781882528653 |
| 020 ## - INTERNATIONAL STANDARD BOOK NUMBER |
| Canceled/invalid ISBN |
1882528654 |
| 043 ## - GEOGRAPHIC AREA CODE |
| Geographic area code |
n-mx--- |
| 050 14 - LIBRARY OF CONGRESS CALL NUMBER |
| Classification number |
BV2280 ebook |
| 082 04 - DEWEY DECIMAL CLASSIFICATION NUMBER |
| Classification number |
266.20972 |
| 100 1# - MAIN ENTRY--PERSONAL NAME |
| Personal name |
Zinni, Mariana C., |
| Relator term |
author. |
| 245 10 - TITLE STATEMENT |
| Title |
Mimesis, hermeneusis y narración en Fray Bernardino de Sahagun / |
| Statement of responsibility, etc. |
Mariana C. Zinni. |
| 264 #1 - PRODUCTION, PUBLICATION, DISTRIBUTION, MANUFACTURE, AND COPYRIGHT NOTICE |
| Place of production, publication, distribution, manufacture |
Potomac, MD : |
| Name of producer, publisher, distributor, manufacturer |
Scripta Humanistica, |
| Date of production, publication, distribution, manufacture, or copyright notice |
[2014] |
| 300 ## - PHYSICAL DESCRIPTION |
| Extent |
1 online resource. |
| 336 ## - CONTENT TYPE |
| Content type term |
text |
| Content type code |
txt |
| Source |
rdacontent |
| 337 ## - MEDIA TYPE |
| Media type term |
computer |
| Media type code |
c |
| Source |
rdamedia |
| 338 ## - CARRIER TYPE |
| Carrier type term |
online resource |
| Carrier type code |
cr |
| Source |
rdacarrier |
| 490 1# - SERIES STATEMENT |
| Series statement |
Scripta Humanistica ; |
| Volume/sequential designation |
174 |
| 504 ## - BIBLIOGRAPHY, ETC. NOTE |
| Bibliography, etc. note |
Includes bibliographical references. |
| 505 0# - FORMATTED CONTENTS NOTE |
| Formatted contents note |
El espacio hermenéutico como lugar de negociación -- El diálogo platónico en el Nuevo Mundo, o la experiencia de una epistemologia vacilante -- Artefactos retóricos de dominación colonial : usos doctrinales de la metáfora -- Retórica de la negociación de lo sagrado : hacia una narración compartida. |
| 588 0# - SOURCE OF DESCRIPTION NOTE |
| Source of description note |
Online resource; title from PDF title page (Digitalia, viewed November 12, 2018) |
| 600 00 - SUBJECT ADDED ENTRY--PERSONAL NAME |
| Personal name |
Bernardino, |
| Titles and other words associated with a name |
de Sahagún, |
| Dates associated with a name |
1499-1590 |
| General subdivision |
Criticism and interpretation. |
| 610 20 - SUBJECT ADDED ENTRY--CORPORATE NAME |
| Corporate name or jurisdiction name as entry element |
Franciscans |
| Geographic subdivision |
Mexico |
| Chronological subdivision |
16th century |
| General subdivision |
Philosophy. |
| 650 #0 - SUBJECT ADDED ENTRY--TOPICAL TERM |
| Topical term or geographic name entry element |
Evangelistic work |
| Geographic subdivision |
Mexico |
| Chronological subdivision |
16th century |
| General subdivision |
History. |
| 650 #0 - SUBJECT ADDED ENTRY--TOPICAL TERM |
| Topical term or geographic name entry element |
Aztecs |
| General subdivision |
Religious life |
| Chronological subdivision |
16th century. |
| 651 #0 - SUBJECT ADDED ENTRY--GEOGRAPHIC NAME |
| Geographic name |
Mexico |
| General subdivision |
Church history |
| Chronological subdivision |
16th century. |
| 655 #0 - INDEX TERM--GENRE/FORM |
| Genre/form data or focus term |
Electronic books. |
| 791 2# - |
| -- |
Digitalia (Firm), |
| -- |
distributor. |
| 793 0# - |
| -- |
Digitalia eBook Collection: |
| -- |
Scripta Humanística. |
| 776 08 - ADDITIONAL PHYSICAL FORM ENTRY |
| Relationship information |
Print version: |
| Main entry heading |
Zinni, Mariana C., |
| Title |
Mimesis, hermeneusis y narración en Fray Bernardino de Sahagun. |
| Place, publisher, and date of publication |
Potomac, MD : Scripta Humanistica, 2014 |
| International Standard Book Number |
9781882528653 |
| Record control number |
(OCoLC)891124647 |
| 830 #0 - SERIES ADDED ENTRY--UNIFORM TITLE |
| Uniform title |
Scripta Humanistica (Series) ; |
| Volume/sequential designation |
174. |
| 856 40 - ELECTRONIC LOCATION AND ACCESS |
| Materials specified |
Digitalia Hispánica |
| Uniform Resource Identifier |
<a href="https://www.digitaliapublishing.com/a/41692/">https://www.digitaliapublishing.com/a/41692/</a> |
| 910 ## - USER-OPTION DATA (OCLC) |
| User-option data |
Premium collection: 2018 |
| 942 ## - ADDED ENTRY ELEMENTS (KOHA) |
| Koha item type |
Recurso Electrónico |